[Event "XV Festival A"]
[Site "Trieste ITA"]
[Date "2013.09.07"]
[Round "9"]
[White "Ioffe, Evgeny"]
[Black "Cretnik, Urban"]
[WhiteElo "2029"]
[BlackElo "1924"]
[Result "1/2-1/2"]
[PlyCount "111"]
[EventDate "2013.08.31"]

1. e4 c5 2. c3 d5 3. exd5 Qxd5 4. d4 g6 5. Nf3 Bg7 6. dxc5 Qxd1+ 7. Kxd1 Bf5 8.
Be3 Nf6 9. Nbd2 Ng4 10. Nd4 Nxe3+ 11. fxe3 O-O 12. Be2 Nd7 13. b4 a5 14. a4
axb4 15. cxb4 Ne5 16. Ra3 Nc6 17. Nxc6 bxc6 18. Bf3 Rab8 19. Bxc6 Rxb4 20. Rb3
Rxb3 21. Nxb3 Rd8+ 22. Ke2 Bc2 23. Nd4 Bxd4 24. exd4 Rxd4 25. Ra1 Rc4 26. a5
Rxc5 27. Bb7 Bb3 28. a6 Bc4+ 29. Ke3 Bxa6 30. Rxa6 Kg7 31. Kd4 Rc2 32. Be4 Rb2
33. Rc6 h5 34. h4 Rb4+ 35. Rc4 Rb2 36. g3 Rb3 37. Rc3 Rb6 38. Ke3 Re6 39. Rc6
Re5 40. Kf4 Ra5 41. Rc7 e6 42. Rb7 Rc5 43. Ra7 Rb5 44. Bc6 Rc5 45. Be8 Rf5+ 46.
Ke4 Rf1 47. Ke5 Rf3 48. Kd6 Kf8 49. Bc6 Rxg3 50. Ra8+ Kg7 51. Ke7 Rc3 52. Bd7
Rc7 53. Kd6 Rc4 54. Ra4 Rxa4 55. Bxa4 Kf6 56. Be8 1/2-1/2

[Event "XV Festival A"]
[Site "Trieste ITA"]
[Date "2013.09.07"]
[Round "9"]
[White "Ioffe, Ilya"]
[Black "Armstrong, Malcolm J."]
[WhiteElo "1979"]
[BlackElo "2014"]
[Result "1/2-1/2"]
[PlyCount "84"]
[EventDate "2013.08.31"]

1. e4 c6 2. d4 d5 3. e5 c5 4. dxc5 e6 5. Be3 Nc6 6. Nf3 Qc7 7. Bb5 Nge7 8. c3
Bd7 9. Bd4 Nb8 10. Bd3 Ng6 11. O-O Bxc5 12. Bxc5 Qxc5 13. Nbd2 Qc7 14. Re1 Nc6
15. Qe2 Nf4 16. Qe3 Nxd3 17. Qxd3 Rc8 18. Nb3 h6 19. Qe3 a6 20. Nfd4 Ne7 21. f4
g6 22. Rf1 a5 23. a3 a4 24. Nc1 Qb6 25. Qf2 Bb5 26. Rd1 Nf5 27. Nxf5 Qxf2+ 28.
Kxf2 gxf5 29. Ne2 Bxe2 30. Kxe2 Rc4 31. Kf3 O-O 32. Rd3 Rfc8 33. Rad1 Kf8 34.
Rd4 b5 35. Kg3 Ke7 36. Kh4 Rg8 37. g3 f6 38. exf6+ Kxf6 39. h3 h5 40. Rxc4 bxc4
41. Rd2 Rg7 42. Re2 Rg8 1/2-1/2

[Event "XV Festival A"]
[Site "Trieste ITA"]
[Date "2013.09.07"]
[Round "9"]
[White "Mazi, Leon"]
[Black "Valsecchi, Alessio"]
[WhiteElo "2368"]
[BlackElo "2412"]
[Result "1-0"]
[PlyCount "87"]
[EventDate "2013.08.31"]

1. c4 e6 2. Nf3 Nf6 3. g3 d5 4. Bg2 dxc4 5. Qa4+ c6 6. Qxc4 b5 7. Qb3 Bb7 8.
O-O Nbd7 9. d4 Be7 10. Rd1 O-O 11. Bg5 h6 12. Bf4 Qb6 13. Na3 a6 14. Ne5 c5 15.
Nxd7 Nxd7 16. Nc4 Qa7 17. Bxb7 Qxb7 18. Bd6 Bxd6 19. Nxd6 Qc6 20. dxc5 Nxc5 21.
Qe3 Rad8 22. Nxf7 Rxd1+ 23. Rxd1 Ne4 24. Ne5 Qc2 25. Rc1 Qa4 26. Nd3 Ng5 27. h4
Nh3+ 28. Kh2 Nxf2 29. Nxf2 Qxa2 30. Nd3 Qd5 31. Rc5 Qd7 32. Re5 Rf6 33. Nf4 Kf7
34. h5 a5 35. Rc5 Kg8 36. Qc3 Qa7 37. Rc8+ Kh7 38. Qc2+ Rf5 39. e4 Rf6 40. Qc5
Qd7 41. Qc2 Qd4 42. Ng6 Rf2+ 43. Kh3 Rxc2 44. Rh8# 1-0

[Event "XV Festival A"]
[Site "Trieste ITA"]
[Date "2013.09.07"]
[Round "9"]
[White "Mchedlishvili, Mikheil"]
[Black "Rozentalis, Eduardas"]
[WhiteElo "2633"]
[BlackElo "2607"]
[Result "1/2-1/2"]
[PlyCount "23"]
[EventDate "2013.08.31"]

1. d4 Nf6 2. c4 e6 3. Nf3 b6 4. g3 Bb7 5. Bg2 Be7 6. O-O O-O 7. Nc3 Ne4 8. Nxe4
Bxe4 9. Ne1 Bxg2 10. Kxg2 d5 11. Qa4 dxc4 12. Qxc4 1/2-1/2

[Event "XV Festival A"]
[Site "Trieste ITA"]
[Date "2013.09.07"]
[Round "9"]
[White "Milazzo, Mario"]
[Black "Franca, Veronika"]
[WhiteElo "2040"]
[BlackElo "1927"]
[Result "1/2-1/2"]
[PlyCount "123"]
[EventDate "2013.08.31"]

1. d4 Nf6 2. c4 e6 3. Nf3 Bb4+ 4. Bd2 Qe7 5. a3 Bxd2+ 6. Nbxd2 d6 7. e3 e5 8.
d5 Bf5 9. Be2 O-O 10. O-O a5 11. b4 axb4 12. axb4 Rxa1 13. Qxa1 h6 14. Qc3 Nbd7
15. Ra1 b5 16. Nb3 bxc4 17. Bxc4 Nb6 18. Na5 Nfxd5 19. Qb3 Nxc4 20. Qxc4 Nb6
21. Qc3 Rc8 22. Nc6 Qd7 23. Rd1 f6 24. Rc1 Be4 25. Na7 Ra8 26. Qxc7 Qxc7 27.
Rxc7 Bf5 28. Nh4 Nd5 29. Rc1 Bd7 30. e4 Nxb4 31. Rc7 Nc6 32. Rxd7 Rxa7 33. Rxa7
Nxa7 34. Nf5 Nc8 35. Kf1 h5 36. Ke2 g6 37. Ne3 Ne7 38. f3 Kf7 39. g3 Ke6 40.
Kd3 d5 41. exd5+ Nxd5 42. Nc4 f5 43. Nd2 Nf6 44. h4 Kd5 45. Ke3 Kc5 46. Nb3+
Kb4 47. Nc1 Kc4 48. Nd3 Nd5+ 49. Ke2 Kd4 50. Ne1 f4 51. Kf2 Ne3 52. gxf4 exf4
53. Ke2 Ke5 54. Nd3+ Kf5 55. Kf2 g5 56. hxg5 Kxg5 57. Kg1 Nf5 58. Kg2 h4 59.
Kh3 Nd4 60. Nxf4 Nxf3 61. Ng2 Ng1+ 62. Kh2 1/2-1/2

[Event "XV Festival A"]
[Site "Trieste ITA"]
[Date "2013.09.07"]
[Round "9"]
[White "Postny, Evgeny"]
[Black "Tratar, Marko"]
[WhiteElo "2628"]
[BlackElo "2503"]
[Result "1/2-1/2"]
[PlyCount "81"]
[EventDate "2013.08.31"]

1. d4 Nf6 2. c4 e6 3. Nf3 Bb4+ 4. Bd2 Bxd2+ 5. Qxd2 d5 6. Nc3 O-O 7. e3 Qe7 8.
Rc1 a6 9. cxd5 exd5 10. Bd3 Nbd7 11. O-O c6 12. Qc2 Re8 13. Nd2 Nf8 14. Rfe1
Ne6 15. Na4 Qd8 16. b4 g6 17. Rb1 Ng7 18. Nc5 Re7 19. a4 Bf5 20. b5 Bxd3 21.
Nxd3 cxb5 22. axb5 a5 23. Rec1 Nge8 24. Qb3 Nd6 25. b6 Nfe4 26. Nxe4 Nxe4 27.
Qa2 Re6 28. Rb5 Rxb6 29. Rxa5 Rba6 30. Rxa6 bxa6 31. f3 Nf6 32. Ne5 a5 33. Qa4
Qe8 34. Ra1 Qc8 35. Qa3 Qe6 36. Rc1 Nd7 37. Rc6 Qe8 38. Nxd7 Qxd7 39. Rc5 a4
40. Kf2 Kg7 41. Rc2 1/2-1/2

[Event "XV Festival A"]
[Site "Trieste ITA"]
[Date "2013.09.07"]
[Round "9"]
[White "Solomon, Kenny"]
[Black "Eggleston, David J."]
[WhiteElo "2372"]
[BlackElo "2363"]
[Result "0-1"]
[PlyCount "192"]
[EventDate "2013.08.31"]

1. d4 Nf6 2. c4 e6 3. Nc3 Bb4 4. e3 O-O 5. Bd3 d5 6. Nf3 c5 7. O-O dxc4 8. Bxc4
Nbd7 9. a3 Ba5 10. Qe2 cxd4 11. exd4 Bxc3 12. bxc3 Qc7 13. Bd2 b6 14. Bb3 Bb7
15. Rfc1 Rfe8 16. c4 Bxf3 17. Qxf3 e5 18. d5 e4 19. Qh3 Nc5 20. Bc2 Nfd7 21.
Re1 g6 22. Bc3 Qf4 23. Rad1 Ne5 24. Rd4 f5 25. a4 Rad8 26. a5 h5 27. axb6 axb6
28. Qg3 Qxg3 29. hxg3 Kf7 30. Rb1 Rd6 31. Ra1 Re7 32. Ra8 Re8 33. Ra7+ Rd7 34.
Ra1 Rc8 35. Rb1 Rd6 36. Bb4 Ra8 37. Rbd1 Ra2 38. R1d2 Rd8 39. Kf1 Ra1+ 40. Rd1
Rxd1+ 41. Rxd1 Nxc4 42. Bc3 Na3 43. Bb1 Na4 44. Bd4 Nb5 45. Ba2 Nac3 46. Bc4
Nxd4 47. Rxd4 Kf6 48. Bb3 Ke5 49. Rb4 b5 50. Ke1 Kd6 51. Kd2 Nb1+ 52. Ke3 Kc5
53. Rd4 Nc3 54. d6 Rxd6 55. Rxd6 Kxd6 56. Kd4 Ne2+ 57. Ke3 Nc1 58. Bf7 g5 59.
Bxh5 Ke5 60. f4+ exf3 61. gxf3 Kf6 62. Be8 b4 63. Ba4 Na2 64. Bb3 Nc3 65. f4 g4
66. Bc2 Nb5 67. Bb3 Nc3 68. Bc2 Na2 69. Kd2 Nc3 70. Ke3 Nb5 71. Bb3 Nc7 72. Kd3
Ne6 73. Bd5 Ng7 74. Ke3 Ke7 75. Bb3 Kd6 76. Bf7 Kc5 77. Kd3 b3 78. Bxb3 Nh5 79.
Ke3 Nxg3 80. Bc2 Kd5 81. Bb3+ Kd6 82. Bc2 Ke6 83. Bb3+ Kf6 84. Bd5 Nh5 85. Bc4
Ng7 86. Bd5 Ne6 87. Bc4 Nc7 88. Kf2 Ne8 89. Ke3 Kg6 90. Bd5 Nf6 91. Bc6 Kh5 92.
Kd4 g3 93. Bf3+ Kh4 94. Kd3 Ng4 95. Ke2 Kh3 96. Bd5 g2 0-1

[Event "XV Festival A"]
[Site "Trieste ITA"]
[Date "2013.09.07"]
[Round "9"]
[White "Suc, Timothy"]
[Black "Plenca, Jadranko"]
[WhiteElo "2130"]
[BlackElo "2138"]
[Result "0-1"]
[PlyCount "60"]
[EventDate "2013.08.31"]

1. e4 e5 2. Nf3 Nc6 3. Bb5 a6 4. Bxc6 dxc6 5. O-O Bg4 6. h3 Bh5 7. d3 Bd6 8.
Be3 c5 9. Nbd2 Ne7 10. a3 O-O 11. Qe1 Nc6 12. g4 Bg6 13. Nc4 b5 14. Nxd6 cxd6
15. Nd2 Nd4 16. Rc1 Ne6 17. Nf3 Qf6 18. Kg2 Rad8 19. Nd2 d5 20. exd5 Rxd5 21.
Ne4 Qe7 22. f4 exf4 23. Bxf4 f5 24. Nc3 Rdd8 25. Kg3 Rde8 26. Qe5 fxg4 27. Nd5
Qb7 28. Qd6 Nxf4 29. Nxf4 Re3+ 30. Kxg4 Qc8+ 0-1

[Event "XV Festival A"]
[Site "Trieste ITA"]
[Date "2013.09.07"]
[Round "9"]
[White "Tonel, Giulia"]
[Black "Linder, Oliver"]
[WhiteElo "1973"]
[BlackElo "1983"]
[Result "1/2-1/2"]
[PlyCount "100"]
[EventDate "2013.08.31"]

1. d4 e6 2. c4 Bb4+ 3. Nc3 c5 4. e3 Nc6 5. Nf3 Nf6 6. Bd3 Bxc3+ 7. bxc3 d6 8.
O-O e5 9. Qc2 O-O 10. Rb1 h6 11. Bf5 b6 12. Rd1 Qc7 13. Nh4 Ba6 14. Bd3 Rfe8
15. e4 cxd4 16. Nf5 Ne7 17. cxd4 Nxf5 18. exf5 Rac8 19. Ba3 e4 20. Be2 Bxc4 21.
Bxd6 Qxd6 22. Bxc4 Rc7 23. Qe2 Rec8 24. Bb3 Nd5 25. Bxd5 Qxd5 26. Qg4 f6 27. h3
Rc4 28. Kh2 Rxd4 29. Rxd4 Qxd4 30. Rd1 Qe5+ 31. g3 Qe7 32. Qf4 Qe5 33. Qg4 Qb2
34. Qf4 Re8 35. Rd2 Qe5 36. Qg4 Qc7 37. Qg6 Qf7 38. Qg4 e3 39. fxe3 Rxe3 40.
Qa4 Qe8 41. Qc4+ Kh7 42. h4 Qe5 43. Qg4 Qe8 44. h5 Re4 45. Qg6+ Kg8 46. Kh3 Kf8
47. Rc2 Re2 48. Rc7 Re7 49. Rc2 Re2 50. Rc7 Re7 1/2-1/2

[Event "XV Festival A"]
[Site "Trieste ITA"]
[Date "2013.09.07"]
[Round "9"]
[White "Zuttioni, Federico"]
[Black "Ivanovic, Andrej"]
[WhiteElo "2068"]
[BlackElo "2143"]
[Result "1-0"]
[PlyCount "189"]
[EventDate "2013.08.31"]

1. d4 e6 2. c4 f5 3. Nc3 Nf6 4. Qd3 Bb4 5. a3 Bxc3+ 6. Qxc3 b6 7. f3 Bb7 8. Nh3
O-O 9. b3 c5 10. e3 Qc7 11. Bb2 d6 12. Bd3 Nbd7 13. O-O g6 14. Rae1 e5 15. d5
a5 16. a4 Nh5 17. g3 Rae8 18. Bc2 Bc8 19. Kg2 Ndf6 20. Nf2 Qd7 21. f4 Rf7 22.
Bd1 Rg7 23. Bxh5 Nxh5 24. Nd3 e4 25. Nf2 Kf7 26. Qc1 Rgg8 27. Qd1 h6 28. Rg1
Ke7 29. Kf1 Kd8 30. Ke2 Qf7 31. Kd2 Nf6 32. Kc1 Kc7 33. Kb1 Bd7 34. Qd2 Ref8
35. Bc3 Kb7 36. Rg2 Ne8 37. Reg1 Nc7 38. h3 Ra8 39. Qd1 Ra7 40. g4 Rga8 41.
gxf5 Bxf5 42. Ng4 Qf8 43. Qd2 h5 44. Nf2 Qf7 45. Rd1 Rg8 46. Rg5 Na6 47. h4 Nb4
48. Bxb4 axb4 49. Qb2 Kc8 50. Nh1 Re7 51. Rdg1 Rf8 52. Kc2 Qf6 53. Qxf6 Rxf6
54. Rxf5 gxf5 55. Rg5 Kd7 56. Ng3 Ref7 57. Kd2 Ke7 58. Ke2 Kf8 59. Kf2 Ke7 60.
Rxh5 Ke8 61. Rg5 Kf8 62. Kg2 Ke7 63. Kh3 Kf8 64. Kh2 Ke8 65. Kg2 Ke7 66. Kh2
Ke8 67. Nh5 Rh6 68. Ng7+ Rxg7 69. Rxg7 Rxh4+ 70. Kg2 Rh5 71. Rb7 Rh6 72. Rxb6
Kd7 73. Rb7+ Ke8 74. Rg7 Kf8 75. Rg5 Rf6 76. Kg3 Rf7 77. Rg6 Ke7 78. Re6+ Kd7
79. Rg6 Ke7 80. Kg2 Rh7 81. Rg5 Rf7 82. Rh5 Rg7+ 83. Kf2 Rf7 84. Rh8 Rf6 85. a5
Rf7 86. a6 Kf6 87. Rh6+ Ke7 88. Re6+ Kd7 89. a7 Rf8 90. Rh6 Kc7 91. Rh7+ Kb6
92. Kg3 Rg8+ 93. Kh4 Ka6 94. Kh5 Kb6 95. Kh6 1-0

[Event "C.to Europeo U08"]
[Site "Budva MNE"]
[Date "2013.09.29"]
[Round "1"]
[White "Perez Guerra, Raul"]
[Black "Paduano, Claudio"]
[Result "0-1"]
[WhiteElo "1325"]
[BlackElo "1632"]
[PlyCount "45"]
[EventDate "2013.09.29"]

1. e4 e5 2. Nf3 Nc6 3. Bc4 Bc5 4. c3 Nf6 5. d3 d5 6. exd5 Nxd5 7. O-O O-O 8.
Re1 Re8 9. Nbd2 Nb6 10. Ne4 Nxc4 11. Nxc5 Nd6 12. Be3 b6 13. Nb3 Bf5 14. d4 Nc4
15. Bc1 exd4 16. cxd4 Rxe1+ 17. Qxe1 Qe8 18. Qxe8+ Rxe8 19. Bf4 Bd7 20. Bxc7
Nxb2 21. Bf4 Nd3 22. Be3 Rc8 23. Bd2 0-1

[Event "C.to Europeo U08"]
[Site "Budva MNE"]
[Date "2013.09.30"]
[Round "2"]
[White "Paduano, Claudio"]
[Black "Csiki, Endre"]
[Result "1-0"]
[WhiteElo "1632"]
[BlackElo "1361"]
[PlyCount "43"]
[EventDate "2013.09.29"]

1. e4 c5 2. c3 d6 3. d4 Nf6 4. Bd3 g6 5. Nf3 Bg7 6. O-O O-O 7. Bf4 Nh5 8. Be3
e5 9. dxe5 dxe5 10. Bxc5 Re8 11. Bc4 Qxd1 12. Rxd1 b6 13. Bd5 Na6 14. Bxa8 Bg4
15. Bc6 Rc8 16. Ba3 Nb8 17. Bb5 Rc7 18. Bd6 Rc8 19. Be2 Nf4 20. Kf1 Ne6 21. Be7
Re8 22. Bb4 1-0

[Event "C.to Europeo U08"]
[Site "Budva MNE"]
[Date "2013.10.01"]
[Round "3"]
[White "Nguyen, Thai Dai Vinh"]
[Black "Paduano, Claudio"]
[Result "1-0"]
[WhiteElo "1410"]
[BlackElo "1632"]
[PlyCount "45"]
[EventDate "2013.09.29"]

1. e4 e5 2. Nf3 Nc6 3. d4 exd4 4. Nxd4 Bc5 5. Be3 Qf6 6. c3 Nge7 7. Bc4 O-O 8.
O-O Bb6 9. Re1 d6 10. Na3 a6 11. Nac2 Ne5 12. Be2 N7c6 13. f4 Ng6 14. Qd2 Re8
15. f5 Nge7 16. Rf1 h6 17. Rf3 Ne5 18. Rg3 Kh8 19. Rh3 Kh7 20. Bg5 Bxd4+ 21.
Nxd4 Qxg5 22. Qxg5 f6 23. Qg3 1-0

[Event "C.to Europeo U08"]
[Site "Budva MNE"]
[Date "2013.10.05"]
[Round "6"]
[White "Paduano, Claudio"]
[Black "Mochalin, Faddey"]
[Result "1/2-1/2"]
[WhiteElo "1632"]
[BlackElo "1562"]
[PlyCount "106"]
[EventDate "2013.09.29"]

1. e4 c5 2. c3 Nf6 3. e5 Nd5 4. d4 cxd4 5. Nf3 Nc6 6. cxd4 d6 7. Bc4 Nb6 8. Bb3
dxe5 9. d5 Na5 10. Nc3 Nxb3 11. Qxb3 e4 12. Nd4 g6 13. Bf4 a6 14. O-O Bg7 15.
Nde2 Bxc3 16. Nxc3 e6 17. Nxe4 Nxd5 18. Nd6+ Kf8 19. Nxb7 Bxb7 20. Qxb7 Nxf4
21. Qb4+ Kg7 22. Qxf4 Qb8 23. Qxb8 Raxb8 24. b3 Rhd8 25. Rad1 Rbc8 26. f4 Rxd1
27. Rxd1 Rc2 28. a3 Rc3 29. Rd6 Rxb3 30. Rxa6 h5 31. Kf2 Kf6 32. Ra5 Rc3 33. a4
Rc4 34. Kf3 Rc3+ 35. Kf2 Rc4 36. g3 Rc2+ 37. Kg1 Rc1+ 38. Kg2 h4 39. Kf3 hxg3
40. hxg3 Rc3+ 41. Kg4 Kg7 42. Re5 f5+ 43. Kh3 Kf6 44. a5 g5 45. Kg2 g4 46. Rb5
Ra3 47. Kf2 Kg6 48. Rb6 Kf7 49. Rb7+ Ke8 50. Rb6 Kd7 51. a6 Ra5 52. Rb7+ Ke8
53. Ra7 Rb5 1/2-1/2

[Event "C.to Europeo U08"]
[Site "Budva MNE"]
[Date "2013.10.06"]
[Round "7"]
[White "Paduano, Claudio"]
[Black "Roux, Baptiste"]
[Result "1-0"]
[WhiteElo "1632"]
[BlackElo "1328"]
[PlyCount "77"]
[EventDate "2013.09.29"]

1. e4 d5 2. exd5 Nf6 3. d4 Nxd5 4. c4 Nb6 5. Nc3 e5 6. Nf3 Bg4 7. c5 Qe7 8.
cxb6 exd4+ 9. Ne2 Bxf3 10. gxf3 Qb4+ 11. Qd2 Qxb6 12. Nxd4 Bb4 13. Bb5+ c6 14.
Qxb4 cxb5 15. Qxb5+ Qxb5 16. Nxb5 Na6 17. Be3 b6 18. Rg1 Rg8 19. Rc1 Nb4 20.
Nc7+ Ke7 21. Nxa8 Nd3+ 22. Ke2 Nxc1+ 23. Bxc1 Rxa8 24. Rxg7 Rc8 25. Kd1 Rd8+
26. Bd2 Rd3 27. Ke2 Rd7 28. Rxh7 Rc7 29. Bc3 b5 30. h4 Kf8 31. h5 Re7+ 32. Kd3
Rd7+ 33. Ke4 f5+ 34. Kxf5 Rxh7 35. Kg6 Rf7 36. h6 Kg8 37. a3 a6 38. Bg7 Rd7 39.
h7# 1-0

[Event "C.to Europeo U08"]
[Site "Budva MNE"]
[Date "2013.10.08"]
[Round "9"]
[White "Paduano, Claudio"]
[Black "Sosovicka, Jakub"]
[Result "1-0"]
[WhiteElo "1632"]
[BlackElo "1675"]
[PlyCount "125"]
[EventDate "2013.09.29"]

1. e4 e5 2. Nf3 Nf6 3. d4 Nxe4 4. Bd3 d5 5. Nxe5 Nd7 6. Nxd7 Bxd7 7. O-O Be7 8.
c4 c6 9. Nc3 Nxc3 10. bxc3 O-O 11. cxd5 cxd5 12. Qh5 f5 13. Qf3 Be8 14. Bxf5
Qd6 15. Qg4 Qf6 16. Be6+ Bf7 17. Bxf7+ Rxf7 18. Rb1 Bd6 19. Be3 Re8 20. Rfe1 b6
21. f3 Bxh2+ 22. Kxh2 Rxe3 23. Rxe3 Qh6+ 24. Qh3 Qxe3 25. Qc8+ Rf8 26. Qc7 Qd2
27. Qxa7 Rxf3 28. Qa8+ Rf8 29. Qxd5+ Kh8 30. Rxb6 Qxc3 31. Qc5 Qxc5 32. dxc5
Rc8 33. Kg3 Kg8 34. Rb5 Kf7 35. Kf4 Ke6 36. Ke4 g6 37. Rb6+ Kd7 38. Kd5 Rf8 39.
Rb7+ Kc8 40. Rxh7 Rf2 41. a4 Rxg2 42. Kc6 Kb8 43. a5 Ra2 44. Kb6 Rb2+ 45. Kc6
Ra2 46. Rb7+ Kc8 47. Rb5 g5 48. Kb6 g4 49. Rb3 Ra4 50. c6 Ra2 51. a6 Ra4 52.
Rg3 Rb4+ 53. Kc5 Ra4 54. Kb5 Ra2 55. Rxg4 Ra3 56. Ra4 Rb3+ 57. Kc4 Rb8 58. a7
Ra8 59. Kc5 Kc7 60. Ra6 Kc8 61. Kb6 Kd8 62. c7+ Kd7 63. Kb7 1-0

[Event "C.to Europeo U08 femminile"]
[Site "Budva MNE"]
[Date "2013.09.29"]
[Round "1"]
[White "Marinelli, Sofia"]
[Black "Obada, Ema"]
[Result "0-1"]
[WhiteElo "1416"]
[BlackElo "1513"]
[PlyCount "44"]
[EventDate "2013.09.29"]

1. e4 e5 2. Nf3 Nc6 3. Bc4 Bc5 4. Nc3 Nf6 5. d3 d6 6. h3 h6 7. Be3 Bb6 8. O-O
O-O 9. Qe2 Be6 10. Bb3 Qd7 11. Bxe6 fxe6 12. Rad1 Qf7 13. Nd2 Qg6 14. Nc4 Nd4
15. Bxd4 Bxd4 16. Nb5 Nh5 17. Qg4 Qxg4 18. hxg4 Ng3 19. Rfe1 Bxf2+ 20. Kh2 Bxe1
21. Rxe1 Nf1+ 22. Kg1 Ng3 0-1

[Event "C.to Europeo U08 femminile"]
[Site "Budva MNE"]
[Date "2013.09.30"]
[Round "2"]
[White "Nguyen, Thao Nhi"]
[Black "Marinelli, Sofia"]
[Result "1-0"]
[WhiteElo "1171"]
[BlackElo "1416"]
[PlyCount "64"]
[EventDate "2013.09.29"]

1. e4 e5 2. Nf3 Nc6 3. Nc3 Nf6 4. Be2 Bc5 5. O-O O-O 6. Bb5 a6 7. Ba4 d6 8. h3
Be6 9. d3 h6 10. Be3 Bb6 11. d4 exd4 12. Nxd4 Nxd4 13. Bxd4 Ne8 14. Bxb6 cxb6
15. Bb3 Bd7 16. Re1 Qg5 17. Re3 Rc8 18. Rg3 Qf6 19. Nd5 Qxb2 20. Ne7+ Kh7 21.
Nxc8 Bxc8 22. Rb1 Qe5 23. c4 Qxe4 24. Bc2 Qxc2 25. Qxc2+ Kh8 26. Qc3 Bf5 27.
Re1 Nf6 28. Rge3 Rg8 29. Re7 Bg6 30. Qb4 d5 31. Rxb7 dxc4 32. Qxc4 Ne4 1-0

[Event "C.to Europeo U08 femminile"]
[Site "Budva MNE"]
[Date "2013.10.07"]
[Round "8"]
[White "Marinelli, Sofia"]
[Black "Breznyan, Dorina"]
[Result "1/2-1/2"]
[WhiteElo "1416"]
[BlackElo "1281"]
[PlyCount "31"]
[EventDate "2013.09.29"]

1. e4 Nf6 2. e5 Nd5 3. Nc3 Nxc3 4. dxc3 d6 5. Nf3 g6 6. Bc4 Bg7 7. Qe2 Bf5 8.
Bf4 O-O 9. O-O a6 10. h4 b5 11. Bd3 Bg4 12. Be4 Ra7 13. Be3 c5 14. Bxc5 Rd7 15.
exd6 exd6 16. Bd4 1/2-1/2

[Event "C.to Europeo U08 femminile"]
[Site "Budva MNE"]
[Date "2013.10.08"]
[Round "9"]
[White "Hegedus, Luca"]
[Black "Marinelli, Sofia"]
[Result "1-0"]
[WhiteElo "1199"]
[BlackElo "1416"]
[PlyCount "139"]
[EventDate "2013.09.29"]

1. e4 e5 2. Nf3 Nc6 3. Bb5 a6 4. Ba4 b5 5. Bb3 Nf6 6. O-O Bc5 7. d3 h6 8. h3 d6
9. c3 O-O 10. Qe2 Be6 11. Be3 Bxe3 12. Qxe3 Qe7 13. Nbd2 Rad8 14. d4 exd4 15.
cxd4 Bxb3 16. axb3 Ra8 17. Rac1 Nd8 18. e5 dxe5 19. Qxe5 Qxe5 20. dxe5 Ne8 21.
Rfe1 Ne6 22. Ne4 Nf4 23. Rcd1 f6 24. exf6 Nxf6 25. Nxf6+ Rxf6 26. Kh2 Rc8 27.
g3 Ng6 28. Kg2 Rcf8 29. Re3 Kh7 30. Rd7 R8f7 31. Rxf7 Rxf7 32. Re6 a5 33. Ra6
Ne7 34. Rxa5 b4 35. Rc5 c6 36. Rc4 Nd5 37. Rxc6 Rc7 38. Rxc7 Nxc7 39. Ne5 g5
40. Kf3 Kg7 41. Ke4 Kf6 42. Ng4+ Kg6 43. Kd4 h5 44. Ne3 Na6 45. Kc4 Kf6 46. Kb5
Nc7+ 47. Kxb4 Ke5 48. Kc5 Na6+ 49. Kb6 Nb8 50. b4 Nd7+ 51. Kc6 Nb8+ 52. Kb7 Nd7
53. Kc7 Nf6 54. b5 Kd4 55. b6 Ne8+ 56. Kc6 Ke4 57. b7 Kf3 58. b8=Q Nf6 59. Qf8
Kxf2 60. Qxf6+ Kxe3 61. Qxg5+ Kd3 62. Qxh5 Kc2 63. Qf3 Kxb2 64. Qd3 Kc1 65. Qe2
Kb1 66. Qd2 Ka1 67. Kb5 Kb1 68. Kb4 Ka1 69. Kb3 Kb1 70. Qb2# 1-0

[Event "C.to Europeo U10"]
[Site "Budva MNE"]
[Date "2013.09.29"]
[Round "1"]
[White "Cohen, Shoam"]
[Black "Russo, Leonardo"]
[Result "0-1"]
[WhiteElo "1604"]
[BlackElo "1605"]
[PlyCount "84"]
[EventDate "2013.09.29"]

1. e4 e6 2. b3 d5 3. Bb2 c5 4. exd5 exd5 5. Bb5+ Nc6 6. Qe2+ Be6 7. f4 Qe7 8.
Nf3 Nf6 9. d4 cxd4 10. Nxd4 Bd7 11. Nd2 Nxd4 12. Bxd7+ Kxd7 13. Qxe7+ Bxe7 14.
Bxd4 b6 15. O-O Rac8 16. c4 Bc5 17. Bxc5 Rxc5 18. Rad1 Rd8 19. Rfe1 Re8 20.
Rxe8 Kxe8 21. Kf2 Rc6 22. Re1+ Kf8 23. Nf3 dxc4 24. Rc1 cxb3 25. Rxc6 b2 26.
Nd2 Ne4+ 27. Nxe4 b1=Q 28. Ng5 Qxa2+ 29. Kg3 h6 30. Nf3 b5 31. Rc8+ Ke7 32.
Rc7+ Kd6 33. Rb7 Kc6 34. Re7 b4 35. Ne5+ Kb6 36. Rxf7 b3 37. Nd3 b2 38. Nxb2
Qxf7 39. Na4+ Kb5 40. Nc3+ Kc4 41. Ne4 Kd4 42. Nd6 Qg6+ 0-1

[Event "C.to Europeo U10"]
[Site "Budva MNE"]
[Date "2013.09.30"]
[Round "2"]
[White "Russo, Leonardo"]
[Black "Remizov, Yaroslav"]
[Result "0-1"]
[WhiteElo "1605"]
[BlackElo "1669"]
[PlyCount "110"]
[EventDate "2013.09.29"]

1. e4 c5 2. Nf3 d6 3. Bb5+ Bd7 4. Bxd7+ Qxd7 5. O-O Nf6 6. Re1 Nc6 7. c3 e6 8.
d4 O-O-O 9. Bg5 Be7 10. Nbd2 h6 11. Bf4 g5 12. Bg3 g4 13. Nh4 h5 14. Rc1 Nh7
15. b4 Bg5 16. f4 Bf6 17. Bf2 Qe7 18. g3 Bxh4 19. gxh4 Qf6 20. d5 exd5 21. bxc5
dxc5 22. Qb3 Qxf4 23. Rb1 Rd7 24. exd5 Ne5 25. Bg3 Qxd2 26. Rxe5 Nf6 27. d6 Kb8
28. Re7 b6 29. Qb5 Rxe7 30. dxe7+ Kb7 31. Qxc5 Rc8 32. Qe5 Ne8 33. Qe4+ Rc6 34.
Rf1 Qxa2 35. Rd1 Qe6 36. Qb4 Rc5 37. Re1 Qc6 38. Qf4 Qc8 39. Rd1 Rf5 40. Qe4+
Ka6 41. Rd8 Qc5+ 42. Kg2 Qb5 43. Rd1 Qb2+ 44. Kh1 Qb3 45. Ra1+ Ra5 46. Rb1 Qd5
47. Re1 Qxe4+ 48. Rxe4 Rd5 49. Rf4 f6 50. Rd4 Rxd4 51. cxd4 Kb5 52. d5 Kc5 53.
d6 Kc6 54. Kg2 a5 55. Kf2 a4 0-1

[Event "C.to Europeo U10"]
[Site "Budva MNE"]
[Date "2013.10.01"]
[Round "3"]
[White "Haring, Filip"]
[Black "Russo, Leonardo"]
[Result "1-0"]
[WhiteElo "1798"]
[BlackElo "1605"]
[PlyCount "43"]
[EventDate "2013.09.29"]

1. e4 e6 2. d3 d5 3. Nd2 c5 4. Ngf3 Nc6 5. g3 Bd6 6. Bg2 Nge7 7. O-O O-O 8. Re1
Re8 9. h4 Qb6 10. e5 Bc7 11. h5 Bd7 12. Nf1 Rac8 13. N1h2 d4 14. Ng4 Nd5 15. h6
g6 16. Nd2 Nce7 17. Ne4 Kh8 18. Ngf6 Nxf6 19. Nxf6 Red8 20. Qf3 Bc6 21. Qf4
Bxg2 22. Nd7 1-0

[Event "C.to Europeo U10"]
[Site "Budva MNE"]
[Date "2013.10.02"]
[Round "4"]
[White "Russo, Leonardo"]
[Black "Brilej, Jaka"]
[Result "1-0"]
[WhiteElo "1605"]
[BlackElo "1551"]
[PlyCount "65"]
[EventDate "2013.09.29"]

1. e4 c5 2. Nf3 Nc6 3. c3 d5 4. exd5 Qxd5 5. d4 Bf5 6. Na3 cxd4 7. cxd4 e6 8.
Nb5 O-O-O 9. Be3 Bb4+ 10. Bd2 Bxd2+ 11. Qxd2 Nf6 12. Rc1 Qe4+ 13. Be2 Kb8 14.
Ng5 Qh4 15. Nxf7 Ne4 16. g3 Qh3 17. Qf4+ e5 18. dxe5 a6 19. e6+ Ka8 20. Nc7+
Ka7 21. Nxd8 Rxd8 22. Rxc6 bxc6 23. e7 Rd2 24. e8=Q Rxe2+ 25. Kxe2 Bg4+ 26. Ke3
Bc8 27. Qexe4 Qd7 28. Qd4+ Qxd4+ 29. Qxd4+ Kb8 30. Qb6+ Bb7 31. Rd1 Kc8 32. Ne6
g5 33. Qd8# 1-0

[Event "C.to Europeo U10"]
[Site "Budva MNE"]
[Date "2013.10.03"]
[Round "5"]
[White "Mitran, Anthony Cristian"]
[Black "Russo, Leonardo"]
[Result "1-0"]
[WhiteElo "1525"]
[BlackElo "1605"]
[PlyCount "70"]
[EventDate "2013.09.29"]

1. d4 d5 2. c4 e6 3. Nc3 Nf6 4. Nf3 Nbd7 5. Bf4 Bb4 6. a3 Bxc3+ 7. bxc3 c6 8.
cxd5 exd5 9. e3 Qa5 10. Qb3 O-O 11. Be2 Ne4 12. Rc1 Ndf6 13. O-O b5 14. Rfd1
Bf5 15. Nd2 Nxd2 16. Rxd2 Nd7 17. Qb4 Qb6 18. Bd3 a5 19. Qb2 Bxd3 20. Rxd3 Ra7
21. f3 Rb7 22. Rb1 Re8 23. Rd2 Re6 24. Qb3 Nf6 25. Rdb2 Qa6 26. Qc2 Ne8 27. Qe2
a4 28. e4 Nf6 29. e5 Qa5 30. Qc2 Nd7 31. Be3 Nb6 32. Rb4 Nc4 33. Bc1 Qa7 34.
Qf2 Rbe7 35. f4 f6 1-0

[Event "C.to Europeo U10"]
[Site "Budva MNE"]
[Date "2013.10.05"]
[Round "6"]
[White "Russo, Leonardo"]
[Black "Polyakov, Anton"]
[Result "1-0"]
[WhiteElo "1605"]
[BlackElo "1405"]
[PlyCount "45"]
[EventDate "2013.09.29"]

1. e4 e5 2. Nf3 Nc6 3. c3 d5 4. Qa4 f6 5. Bb5 Nge7 6. h3 a6 7. Bxc6+ Nxc6 8.
O-O Be6 9. d3 Qd7 10. Kh2 O-O-O 11. b4 dxe4 12. dxe4 Bc4 13. Re1 Qd3 14. Bb2
Na7 15. Na3 Bb5 16. Qb3 Qd6 17. Nxb5 axb5 18. a4 bxa4 19. Rxa4 Nc6 20. Ra8+ Nb8
21. Qa4 Qb6 22. Ra1 Qxf2 23. Rxb8+ 1-0